000 00731nam a2200241 i 4500
001 23781
003 ES-MaACL
005 20230906152932.0
007 t|
008 021212s1985 sp ||||1| spa d
020 _a84-323-0518-9
100 1 _aAnderson, Perry.
_921462
245 1 0 _aTeoría, política e historia
_b: un debate con E. P. Thompson /
_cpor Perry Anderson ; [traducción de Eduardo Terrén].
250 _a[1ª ed.].
260 _aMéxico, etc. :
_bSiglo Veintiuno,
_c1985.
300 _a241 p. ;
_c21 cm.
490 1 _aTeoría
504 _aBibliografía: p. 232-235.
700 1 _aTerrén, Eduardo.
_9109784
830 0 _aTeoría
_9177535
852 _aES-MaACL
_jL-10211
_bR.111576
999 _c23781
_d23781